000 00240nam a2200097Ia 4500
001 1203978
005 20250827022719.0
008 250824s9999 xx 000 0 und d
245 0 _aSHAKESPEARE
_cFERRAN ALEXANDRİ
260 _bALTIN KİTAPLAR
999 _c1203978
_d1203978